02042nam a2200301 i 4500001000200000003000900002005001700011007000300028008004100031040003300072082002400105100005100129245016900180264004800349300004500397336002700442337003300469338002800502500007600530505078700606563006301393650004901456651006501505651006001570700004701630740003301677740003001710 DO-SdBNP20250422110624.0ta110331s1974 dr a 000 0 spa d aDO-SdBNPbspacDO-SdBNPerda 4a972.9302bN789d2221 aNolasco, Flérida de,d1891-1976eautor4aut.10aDías de la colonia, La Catedral de Santo Domingo, El Santuario de Higüey :b(estudios históricos) /cFlérida de Nolasco ; prólogo, P. Antonio Valle Llano. aSanto Domingo :bEditora del Caribe,c1974. a250 páginas :bilustraciones ;c23 cm. atextobtxt2rdacontent asin mediaciónbn2rdamedia avolumenbnc2rdacarrier aIncluye referencias bibliográficas y notas al pie de las páginas 0 aPrólogo -- Días de la colonia -- Los Dominicos en la Española -- Paulo III y la Primada de América -- Existencias y vicisitudes del Colegio Gorjón -- El maestro Cristóbal de Llerena -- Don Alonzo López de Ávila -- Don Agustín Dávila Padilla -- La Catedral de Santo Domingo, Primada de América -- Provisiones tradicionales -- El Santuario del Santo Cerro -- En Santuario de Higüey -- Bibliografía -- Diversiones tradicionales -- Cómo se divertían los oidores I -- Las fiestas San Juan Bautista II -- El teatro III -- La pasión por los bailes IV -- Los toros V -- El capitán Don Rodrigo Pimentel -- Mujeres de las colonias -- El significado de Tirso de Molina en la cultura dominicana -- Días de la colonia (bibliografía) -- Algunas opiniones.  aTres obras encuadernadas juntas con paginación continua  4aSantuarioszRepública DominicanaxHistoria 7aRepública Dominicanax Historia yColonia*1503-1844 2LEMB 7aRepública DominicanaxVida social y costumbres 2LEMB1 aValle Llano, P. Antonio,eprologuista4pr. aLa catedral de Santo Domingo aEl santuario de Higüey